| 000 | 00000nam 2200000za 4500 |
| 001 | 9.855993 |
| 003 | CaOODSP |
| 005 | 20221107155432 |
| 007 | cr ||||||||||| |
| 008 | 180430s2018 onc ob f000 0 fre d |
| 020 | |a9780660264394 |
| 040 | |aCaOODSP|bfre |
| 043 | |an-cn--- |
| 086 | 1 |aHP40-213/2018F-PDF |
| 245 | 00|aRevue de la littérature du CCNI sur l’efficacité comparative et l’immunogénicité du vaccin antigrippal inactivé sous unitaire et du vaccin antigrippal inactivé à virion fragmenté chez les adultes âgés de 65 ans et plus |h[ressource électronique]. |
| 246 | 1 |iEn tête du titre : |aDéclaration d’un comité consultatif (DCC), Comité consultatif national de l’immunisation (CCNI) |
| 260 | |a[Ottawa] : |bAgence de la santé publique du Canada, |c2018. |
| 300 | |a33 p. |
| 500 | |aPubl. aussi en anglais sous le titre : NACI literature review on the comparative effectiveness and immunogenicity of subunit and split virus inactivated influenza vaccines in adults 65 years of age and older. |
| 500 | |aTitre de la couv. |
| 500 | |a« Date de publication : mai 2018. » |
| 500 | |aPréparée par : K. Young ... [et al.]. Cf. Remerciements. |
| 504 | |aComprend des références bibliographiques (p. 14-16). |
| 520 | |a« Le vaccin antigrippal inactivé sous-unitaire et le vaccin antigrippal inactivé à virion fragmenté sont deux types communs de vaccins antigrippaux saisonniers, et continuent de dominer le marché au Canada. Même si ces deux formulations de vaccin antigrippal sont disponibles depuis plusieurs décennies, le CCNI n’a encore jamais réalisé de revue de la littérature pour étudier l’efficacité comparative des vaccins de ces différentes formulations. Une différence dans l’efficacité du vaccin entre ces formulations serait particulièrement importante pour les personnes âgées (de 65 ans ou plus), étant donné qu’il est prouvé que les personnes âgées sont plus susceptibles de développer une maladie grave causée par l’influenza et que les vaccins sont moins efficaces sur ces dernières que chez les jeunes adultes. Pour aborder cette différence, le CCNI a procédé à une revue de la littérature pour évaluer l’efficacité et l’immunogénicité d’une dose standard de vaccin antigrippal inactivé sous-unitaire sans adjuvant comparativement à une dose standard de vaccin à virion fragmenté sans adjuvant chez les adultes âgés de 65 ans et plus » -- Sommaire, p. 3. |
| 692 | 07|2gccst|aAîné |
| 692 | 07|2gccst|aImmunisation |
| 692 | 07|2gccst|aGrippe |
| 710 | 1 |aCanada. |bComité consultatif national de l'immunisation. |
| 710 | 2 |aAgence de santé publique du Canada. |
| 775 | 08|tNACI literature review on the comparative effectiveness and immunogenicity of subunit and split virus inactivated influenza vaccines in adults 65 years of age and older |w(CaOODSP)9.855992 |
| 856 | 40|qPDF|s1.44 Mo|uhttps://publications.gc.ca/collections/collection_2018/aspc-phac/HP40-213-2018-fra.pdf |
| 986 | |a180040 |